000 01802nam a22002177a 4500
999 _c60063
_d60063
003 Ge_BSU
005 20230602154612.0
008 ge2306s1983 ge xu||||| |||| 00| geo d
041 _ageo
080 _a902.2(479.221.1) მ-70
100 _aმირიანაშვილი, ნინო.
_918436
245 _aშიდა ქართლის მატერიალური კულტურის ისტორიიდან :
_bაღაიანის არქეოლოგიური ძეგლები. ნაწ. 2, ნასტაკისის არქეოლოგიური ექსპედიციის შრომები /
_cნინო მირიანაშვილი; რედ. ბოხოჩაძე; საქ. სსრ მეცნ. აკადემია. საქართველოს არქეოლოგიური კომისია. ივ. ჯავახიშვილის სახ. ისტორიის, არქეოლოგიისა და ეთნოგრაფიის ინ-ტის არქეოლოგიური კვლევის ცენტრი.
264 _aთბილისი :
_bმეცნიერება,
_c1983.
300 _a121 გვ. :
_bილ., 18 ფ. ილ.
_c26 სმ.
504 _aბიბლიოგრაფია ტექსტის შენიშვნებში.
520 _aრეზ. რუს. ენაზე.
653 _aარქეოლოგიური გათხრები ქართლში.
653 _aნასტაკისის არქეოლოგიური ექსპედიცია.
700 _aბოხოჩაძე, ო.
_eრედაქტორი
_918437
942 _2udc
_cBK